Depreciation accounting and economic analysis
Gorde:
| Egile nagusia: | |
|---|---|
| Formatua: | Liburua |
| Hizkuntza: | ingelesa |
| Argitaratua: |
Tokio
Society of Business and Commerce
1968
|
| Saila: | Keio Monographs of Business and Commerce, 2
|
| Gaiak: | |
| Etiketak: |
Etiketa erantsi
Etiketarik gabe, Izan zaitez lehena erregistro honi etiketa jartzen!
|
MARC
| LEADER | 00000nam a2200000 a 4500 | ||
|---|---|---|---|
| 001 | UCT7542 | ||
| 003 | CL-VaPUC | ||
| 008 | 970123e19680000JA |||||||||||||||||eng|d | ||
| 082 | 0 | 4 | |a 657.73 |b MIN |2 21 |
| 100 | |a Minemura, Shinkichi |e autor |9 378540 | ||
| 245 | 1 | 0 | |a Depreciation accounting and economic analysis |
| 300 | |a 115 p | ||
| 942 | |c BK | ||
| 945 | |d 19970123 00:00:00 |a nastorga | ||
| 260 | |a Tokio |b Society of Business and Commerce |c 1968 | ||
| 650 | 0 | |a Depreciación |9 358644 | |
| 650 | 0 | |a Contabilidad |9 261430 | |
| 650 | 0 | |a Análisis económico |9 259939 | |
| 650 | 0 | |a Costos |9 261063 | |
| 650 | 0 | |a Economía |9 255568 | |
| 583 | |a last modification |c 19970123 00:00:00 |k Rodrigo Vera | ||
| 490 | 0 | |a Keio Monographs of Business and Commerce, 2 | |
| 999 | |c 256133 |d 256131 | ||
| 952 | |0 0 |1 0 |4 0 |6 657_730000000000000_MIN_1968 |7 0 |8 P |9 278706 |a BIBGIM |b BIBGIM |d 2019-11-19 |i 3278859 |o 657.73 MIN 1968 |p 3278859 |r 2025-01-15 |w 2019-11-19 |y BK |k COM | ||